000 00528nam a2200181Ia 4500
003 LDD
008 190327s9999 xx 000 0 und d
020 _c200
040 _cLDD
082 _a8H3.7 भ्र59263च
100 _aभ्रमर, रामकुमार
245 0 _aचम्बल के हत्यारे
260 _aदिल्ली
_bहिन्द पॉकेट बुक्स
_c1970
300 _a160पृ.
500 _aGifted by : B.N. Kaul
942 _2ddc
_cBK
949 _aG014702
999 _c193135
_d193135